000 00456pab a2200181 454500
008 180718b2000 xxu||||| |||| 00| 0 eng d
100 _aLohokare, Madhura
245 _aWomen in disasters and mental health
260 _c2000
300 _ap.565-80
362 _aOct
650 _aWomen - Mental health
650 _aMental health
650 _aWomen
700 _aDavar, Bhargavi V.
773 _aIndian Journal of Social Welfare
909 _a47258
999 _c47258
_d47258